000 00781nam a2200253Ia 4500
003 OSt
005 20220918171915.0
006 a|||||r|||| 00| 0
007 ta
008 220917b |||||||| |||| 00| 0 eng d
020 _a9788184842852 (hbk)
_c980
024 _a280,696
037 _b6896, 22/03/2014, Friends Publications
_cTextual
040 _aARTS
_cARTS
_beng
041 _2eng
_aeng
082 _aV1:19(zP).P1, Q4
100 _aGarg Ranjan
_939343
245 0 _aPeace and security
_b In search of a new paradigm
260 _aNew Delhi
_bRegal Publication India
_c2014
300 _axxii,247p.
_ccm.
650 _aHISTORY
942 _hV1:19(zP).P1, Q4
_cTEXL
_2CC
999 _c141851
_d141851